Представление документа в формате MARC21

Поле Инд. ПП Название Значение
Тип записи m
Библиографический уровень m
001 Контрольный номер 95b62c76b70c48948496bbc2b258308c
005 Дата корректировки 20240423110135.3
008 Кодируемые данные 240423|||||||||ru |||||||||||||||||rus||
040 a Служба первич. каталог. DE
b Код языка каталог. rus
e Правила каталог. PSBO
084 a Индекс другой классификации/Индекс ББК 31.31я7+20.1я7
203 a Вид содержания Текст
c Тип средства электронный
245 10 a Заглавие Экологическая безопасность теплоэнергетики
c Ответственность Министерство науки и высшего образования Российской Федерации, Федеральное государственное автономное образовательное учреждение высшего образования "Мурманский арктический университет", Кафедра экологии и техносферной безопасности ; составитель А. Ю. Широнина
h Физич. носитель Электронный ресурс
b Продолж. заглавия методические указания к практическим занятиям для студентов направления 13.03.01 "Теплотехника и теплоэнергетика"
260 a Место издания Мурманск
b Издательство МАУ
c Дата издания 2024
500 a Примечание Электрон. текстовые дан. (1 файл : 602 Кб)
500 a Примечание URL: https://elib.mauniver.ru/2024/M_24_25.pdf
500 a Примечание Доступ из локальной сети Мурманского арктического университета. - Загл. с титул. экрана
520 0_ a Аннотация Дисциплина "Экологическая безопасность теплоэнергетики" является дисциплиной, курс которой излагает особенности обеспечения экологической безопасности на предприятиях теплоэнергетики, разъясняет правовой механизм обеспечения экологической безопасности, а также затрагивает процедуру осуществления мероприятий по обеспечению экологической безопасности, в том числе с использованием экозащитной техники и технологий. Данные методические указания по дисциплине "Экологическая безопасность теплоэнергетики" предназначены для проведения со студентами направления 13.03.01 Теплотехника и теплоэнергетика практических занятий, позволяющих закрепить знания, полученные в ходе изучения лекционного материала и самостоятельной работы. В результате изучения дисциплины бакалавр по направлению 13.03.01 "Теплотехника и теплоэнергетика" должен: Знать: действующую систему нормативно-правовых актов в области обеспечения экологической безопасности, основные мероприятия, осуществляемые для обесмпечения экологической безопасности на предприятии Уметь: применять действующие стандарты, положения и инструкции в области обеспечения экологической безопасности, анализировать, критически осмысливать и обобщать информацию о возможном воздействии объектов теплоэнергетики на окружающую среду; Владеть: навыком анализа действующих нормативно-правовых актов в области обеспечения экологической безопасности, навыками оценки качества окружающей среды
583 x Служебное примечание Полнотекстовые документы
x Служебное примечание Труды преподавателей МАУ
x Служебное примечание Техносферная безопасность. ВПО
x Служебное примечание Теплотехника и теплоэнергетика. ВПО
z Открытое примечание 13.03.01
653 0_ a Ключевые слова Методические указания
a Ключевые слова Загрязнение окружающей среды
a Ключевые слова Охрана окружающей среды
a Ключевые слова Техносферная безопасность
a Ключевые слова Техногенные аварии
a Ключевые слова Техногенные катастрофы
a Ключевые слова Теплоэнергетика
a Ключевые слова Труды преподавателей МАУ
a Ключевые слова Экологическая безопасность
a Ключевые слова Экологическая безопасность теплоэнергетики
a Ключевые слова Электронные версии
700 12 a Другие авторы Широнина А. Ю.
e Роль лиц Составитель
856 40 u URL https://elib.mauniver.ru/2024/M_24_25.pdf
901 t Тип документа m